Jagante. (Record no. 95067)

MARC details
000 -LEADER
fixed length control field 00519nam a2200193Ia 4500
003 - CONTROL NUMBER IDENTIFIER
control field OSt
005 - DATE AND TIME OF LATEST TRANSACTION
control field 20260505152330.0
008 - FIXED-LENGTH DATA ELEMENTS--GENERAL INFORMATION
fixed length control field 210210b1991 xxu||||| |||| 00| 0 eng d
040 ## - CATALOGING SOURCE
Transcribing agency AL
041 ## - LANGUAGE CODE
Language code of text/sound track or separate title Kannada
082 ## - DEWEY DECIMAL CLASSIFICATION NUMBER
Classification number T894.1 MANJ
100 ## - MAIN ENTRY--PERSONAL NAME
Personal name MANDARA KESHAVA BHATTA.
Dates associated with a name ಮಂದಾರ ಕೇಶವ ಭಟ್ಟ
9 (RLIN) 263285
245 ## - TITLE STATEMENT
Title Jagante.
Remainder of title ಜಾಗಂಟೆ
260 ## - PUBLICATION, DISTRIBUTION, ETC.
Place of publication, distribution, etc. Mangaluru
Name of publisher, distributor, etc. Shrinivasa Prakashana
Date of publication, distribution, etc. 1991
300 ## - PHYSICAL DESCRIPTION
Extent x,74
690 ## - LOCAL SUBJECT ADDED ENTRY--TOPICAL TERM (OCLC, RLIN)
Topical term or geographic name as entry element Tulu Poetry
9 (RLIN) 263286
906 ## - LOCAL DATA ELEMENT F, LDF (RLIN)
a 045378
942 ## - ADDED ENTRY ELEMENTS (KOHA)
Source of classification or shelving scheme Dewey Decimal Classification
Koha item type Book
Holdings
Withdrawn status Lost status Damaged status Not for loan Collection code Home library Current library Shelving location Date acquired Cost, normal purchase price Total Checkouts Full call number Barcode Date last seen Price effective from Koha item type
        Tulu St Aloysius Library St Aloysius Library   02/17/2021 15.00   T894.1 MANJ 045378 02/17/2021 02/17/2021 Book